Az antropocén és a fenntarthatóság etikája
Elmentve itt :
| Szerző: | |
|---|---|
| Adatforrás: | Philobibl |
| Forrásdokumentuma: | Korunk 36.2025.4. 11-22. p. |
| Dokumentumtípus: | Cikk |
| Nyelv: | magyar |
| Kulcsszavak: | együttműködés poszthumanizmus gondoskodás jóléti állam |
| Online elérés: | szabadon hozzáférhető |
| LEADER | 00563nab a2200157 c 4500 | ||
|---|---|---|---|
| 001 | bibPHI00001060 | ||
| 005 | 20251006110800.9 | ||
| 008 | 250717s2025 rm 00010 hun d | ||
| 100 | 1 | |a Ungvári-Zrínyi Imre | |
| 245 | 1 | 3 | |a Az antropocén és a fenntarthatóság etikája |c Ungvári-Zrínyi Imre |
| 695 | |a együttműködés | ||
| 695 | |a poszthumanizmus | ||
| 695 | |a gondoskodás | ||
| 695 | |a jóléti állam | ||
| 773 | 0 | |t Korunk |g 36.2025.4. 11-22. p. | |
| 856 | 4 | 1 | |3 Full text |u https://epa.oszk.hu/00400/00458/00725/pdf/EPA00458_korunk_2025_04_011-022.pdf |z szabadon hozzáférhető |